000 00329nam a22001453 4500
001 206806
005 20250618135834.0
090 _a206806
100 _a20250618 ukry50
101 _aukr
102 _aUA
200 _a
210 _d2025
801 _2unimarc
_aUA
_gpsbo
942 _cNEWSPAPER